000 00595nam a2200217Ia 4500
008 101110s9999 xx 000 0 und d
041 _aENGLISH
082 _bSR24597
100 _aCormen Thomas H.. Leiserson Charles E.
245 _aIntroduction to Algorithms 2nd edition
260 _c2002
_bPrentice Hall of India, New Delhi
300 _a1180
365 _b325
520 _aComputer
546 _aENGLISH
630 _aIntroduction to Algorithms 2nd edition
650 _aComputer
655 _aComputer
730 _aIntroduction to Algorithms 2nd edition
942 _cBOOK
999 _c817265
_d817262